| 000 | 00938nam a2200265 i 4500 | ||
|---|---|---|---|
| 001 | 185525 | ||
| 003 | ES-MaACL | ||
| 005 | 20230906222446.0 | ||
| 008 | 160628s1988 ie ao |||| | eng d | ||
| 020 | _a0-86278-179-5 | ||
| 080 | _a75.057(415) | ||
| 100 | 1 |
_aSimms, George Otto. _9160033 |
|
| 245 | 1 | 0 |
_aExploring The Book of Kells / _cGeorge Otto Simms ; drawings, David Rooney ; Book of Kells details, Eoin O'Brien. |
| 250 | _a1st publ. | ||
| 260 |
_aDublin : _bO'Brien Press, _c1988. |
||
| 300 |
_a72 p. : _bil. col. y n., fot. ; _c23 cm. |
||
| 599 | _aCon 8 fot. col. e il. bl. y n. | ||
| 630 | 0 | 4 |
_aBook of Kells. _9160035 |
| 650 | 4 |
_aDecoración y ornamentación celta. _9158994 |
|
| 650 | 4 |
_aIluminación de manuscritos celta. _9160034 |
|
| 700 | 1 |
_aRooney, David. _9160036 |
|
| 700 | 1 |
_aO'Brien, Eoin. _9160037 |
|
| 740 | 0 | 2 | _aBook of Kells. |
| 852 |
_aES-MaACL _jL-30429 _z- enc. cart. _z. - Donat. Miguel A. Velasco |
||
| 999 |
_c185525 _d185525 |
||